| 000 | 01265 a2200325 4500 | ||
|---|---|---|---|
| 003 | OSt | ||
| 005 | 20180116192333.0 | ||
| 008 | 120419t xxu||||| |||| 00| 0 eng d | ||
| 010 | _a 82021286 | ||
| 020 | _a0151446474 | ||
| 040 | _c0 | ||
| 082 | 0 | 0 | _a853.914 |
| 100 | 1 |
_aEco, Umberto. _9796 |
|
| 245 | 1 | 4 |
_aThe name of the rose / _cUmberto Eco ; translated from the Italian by William Weaver. |
| 250 | _a1st ed. | ||
| 260 |
_aSan Diego : _bHarcourt Brace Jovanovich, _cc1983. |
||
| 300 |
_a502 p. ; _c25 cm. |
||
| 500 | _aTranslation of: Il nome della rosa. | ||
| 500 | _a"A Helen and Kurt Wolff book." | ||
| 650 | 0 |
_aMonastic and religious life _zItaly _xHistory _yMiddle Ages, 600-1500 _xFiction. _9797 |
|
| 650 | 0 |
_aMonastic libraries _zItaly _xFiction. _9798 |
|
| 650 | 0 |
_aSemiotics _xFiction. _9799 |
|
| 655 | 7 |
_aDetective and mystery stories. _9800 |
|
| 655 | 7 |
_aHistorical fiction. _9801 |
|
| 655 | 7 |
_aDidactic fiction. _9802 |
|
| 856 | 4 | 2 |
_3Publisher description _uhttp://www.loc.gov/catdir/description/har041/82021286.html |
| 856 | 4 | 2 |
_3Contributor biographical information _uhttp://www.loc.gov/catdir/enhancements/fy0733/82021286-b.html |
| 942 |
_aSADA _cBK _k853.914 ECO 1983 _2ddc |
||
| 999 |
_c352382 _d352382 |
||